000 00662nam a2200205Ia 4500
001 7951
003 GE_BSU
008 181216s||||||||xx |||||||||||||| ||und||
040 _cGE_BSU
080 _a696(075)
100 _aКедров,В.С.
245 _aСанитарно-технические оборудование зданий.
245 _bУчеб. пособие для вузов.
260 _aМ.
260 _bВысш.школа.
260 _c1974.
300 _a351стр. 20см. с илл. библиогр.:стр.347-348.
653 _aСанитарно-технические оборудование зданий.
942 _cBK
999 _c41294
_d41294